Cartagena de Indias pasado; presente y futuro / (Registro nro. 6567)

Detalles MARC
000 -LEADER
fixed length control field 01068nam a2200277 4500
001 - CONTROL NUMBER
control field 0000030955
005 - DATE AND TIME OF LATEST TRANSACTION
control field 20250329170347.0
007 - PHYSICAL DESCRIPTION FIXED FIELD--GENERAL INFORMATION
fixed length control field ta
008 - FIXED-LENGTH DATA ELEMENTS--GENERAL INFORMATION
fixed length control field 160708s2003 000 0 eng d
020 ## - INTERNATIONAL STANDARD BOOK NUMBER
International Standard Book Number 8497053826
040 ## - CATALOGING SOURCE
Original cataloging agency CO-CtgCURN
Language of cataloging spa
Transcribing agency coctgcurn
082 0# - DEWEY DECIMAL CLASSIFICATION NUMBER
Classification number 986.114
Item number C322
100 1# - MAIN ENTRY--PERSONAL NAME
Personal name Cabrera, Alfonso.
245 10 - TITLE STATEMENT
Title Cartagena de Indias pasado; presente y futuro /
Statement of responsibility, etc. Alfonso Cabrera.
260 #1 - PUBLICATION, DISTRIBUTION, ETC.
Place of publication, distribution, etc. Cartagena de Indias : :
Name of publisher, distributor, etc. UPV,,
Date of publication, distribution, etc. 2003.
300 ## - PHYSICAL DESCRIPTION
Extent 183 p.
505 8# - FORMATTED CONTENTS NOTE
Formatted contents note Tecnicas antiguas de construcción -- Infraestructuras industriales de la colonia --Los hornos de cartagena de indias -- La evolucion urbana de cartagena de indias -- La bahia de Cartagena de Indias una muerte anunciada
651 #0 - SUBJECT ADDED ENTRY--GEOGRAPHIC NAME
Geographic name Cartagena de Indias (Colombia)
Form subdivision Descripcion
General subdivision Guias.
700 1# - ADDED ENTRY--PERSONAL NAME
Personal name Martelo, Rosemary.
700 1# - ADDED ENTRY--PERSONAL NAME
Personal name Torres, Luz Amparo.
700 1# - ADDED ENTRY--PERSONAL NAME
Personal name Samudi, Alberto.
730 0# - ADDED ENTRY--UNIFORM TITLE
Uniform title Bolívar - Bibliografía regional.
908 ## - PUT COMMAND PARAMETER (RLIN)
Put command parameter 160708
942 ## - ADDED ENTRY ELEMENTS (KOHA)
Koha item type Cartagena
Classification part 986.114
Item part C322
Existencias
Withdrawn status Lost status Source of classification or shelving scheme Damaged status Not for loan Collection Home library Current library Shelving location Date acquired Cost, normal purchase price Total checkouts Full call number Barcode Date last seen Price effective from Koha item type
    Dewey Decimal Classification     Cartagena Miguel Henríquez Castañeda Miguel Henríquez Castañeda Cartagena 08/21/2017 45000.00   986.114 C322 008143 03/29/2025 03/29/2025 Cartagena